|
|
|
|
| LEADER |
00000cam a2200000 a 4500 |
| 001 |
vtls001222907 |
| 003 |
SK-MaSNL |
| 005 |
20260301003205.0 |
| 008 |
251113s1993 xr b g h 00000 cze |
| 020 |
|
|
|a 8090169392
|q (viaz.)
|
| 035 |
|
|
|a SNK000168681
|
| 040 |
|
|
|a SNK
|b slo
|c SNK
|e AACR2
|
| 041 |
0 |
|
|a cze
|h ger
|
| 044 |
|
|
|a xr
|c CZ
|
| 072 |
|
7 |
|a 355/359
|x Vojenstvo. Obrana krajiny. Ozbrojené sily
|2 konspekt
|
| 072 |
|
7 |
|a 94(100)
|x Svetové dejiny
|2 konspekt
|
| 072 |
|
7 |
|a 929
|x Biografie
|2 konspekt
|
| 080 |
|
|
|a 940.53
|2 1981
|
| 080 |
|
|
|a 830-94=850
|2 1981
|
| 100 |
1 |
|
|a Manstein, Erich von,
|d 1887-1973
|4 aut
|
| 240 |
1 |
0 |
|a Verlorene Siege
|l Česky
|
| 245 |
1 |
0 |
|a Ztracená vítězství
|b vzpomínky 1939-1944
|c Erich von Manstein ; z německého originálu Verlorene Siege ... přeložila Pavla Šošolíková
|
| 260 |
|
|
|a Brno
|b Bonus A
|c 1993
|
| 300 |
|
|
|a 549 s.
|c 21 cm
|
| 490 |
1 |
|
|a Memorabilia
|
| 500 |
|
|
|a Preložené z nemčiny
|
| 500 |
|
|
|a Odborná spolupráce Antonín Pohlodek a Pavel Vizner
|
| 600 |
1 |
7 |
|a Manstein, Erich von,
|d 1887-1973
|2 SNKMA
|
| 610 |
1 |
7 |
|a Nemecko.
|b Wehrmacht
|2 SNKKA
|9 105692
|
| 648 |
|
7 |
|a 1939-1945
|2 SNKPH
|9 281648
|
| 650 |
0 |
7 |
|a druhá svetová vojna (1939-1945)
|2 SNKPH
|9 169657
|
| 650 |
0 |
7 |
|a maršali
|2 SNKPH
|9 94145
|
| 650 |
0 |
7 |
|a ozbrojené sily
|2 SNKPH
|9 1644
|
| 650 |
0 |
7 |
|a vojenská stratégia
|2 SNKPH
|9 1645
|
| 650 |
0 |
7 |
|a vojenské operácie
|2 SNKPH
|9 4002
|
| 655 |
|
7 |
|a spomienky
|2 SNKPH
|9 29509
|
| 655 |
|
7 |
|a autobiografie
|2 SNKPH
|9 70280
|
| 700 |
1 |
|
|a Šošolíková, Pavla,
|d 1959-
|4 trl
|9 284124
|
| 830 |
|
0 |
|a Memorabilia
|9 284125
|
| 852 |
|
|
|a Slovenská národná knižnica
|
| 919 |
|
|
|a 80-901-693-9-2
|
| 999 |
|
|
|c 538913
|d 540843
|
| 952 |
|
|
|t P60, <04>, [BOOK], {604}
|a SNK
|b SNK
|y VYP
|7 0
|p 17A0017469
|o snkIC 126183
|i snkV 2175/96
|0 0
|1 0
|4 0
|d 1996-11-13
|l 0
|r 2005-01-01 00:00:00
|w 2026-02-23
|